Green Lantern and philosophy : (Record no. 22412)
[ view plain ]
| 000 -LEADER | |
|---|---|
| fixed length control field | 01082nam a2200229 a 4500 |
| 005 - DATE AND TIME OF LATEST TRANSACTION | |
| control field | 20140310183406.0 |
| 008 - FIXED-LENGTH DATA ELEMENTS--GENERAL INFORMATION | |
| fixed length control field | 121012s19uu xx 00 eng d |
| 020 ## - INTERNATIONAL STANDARD BOOK NUMBER | |
| International Standard Book Number | 9780470575574 |
| 050 ## - LIBRARY OF CONGRESS CALL NUMBER | |
| Classification number | PN 6728.G74 |
| Item number | .G739 2011 |
| 245 ## - TITLE STATEMENT | |
| Title | Green Lantern and philosophy : |
| Remainder of title | no evil shall escape this book / |
| Statement of responsibility, etc | edited by Jane Dryden and Mark D. White. |
| 260 ## - PUBLICATION, DISTRIBUTION, ETC. (IMPRINT) | |
| Place of publication, distribution, etc | Hoboken, N.J. ; Chichester : |
| Name of publisher, distributor, etc | Wiley ; John Wiley, |
| Date of publication, distribution, etc | 2011. |
| 300 ## - PHYSICAL DESCRIPTION | |
| Extent | x, 292 p. : |
| Dimensions | 22 cm. |
| 440 ## - SERIES STATEMENT/ADDED ENTRY--TITLE | |
| Title | The Blackwell philosophy and pop culture series |
| 500 ## - GENERAL NOTE | |
| General note | Includes bibliographical references and index |
| 520 ## - SUMMARY, ETC. | |
| Summary, etc | Explores the philosophical issues embedded in the Green Lantern Corps' stories and characters, from what Plato's tale of the Ring of Gyges tells us about the Green Lantern ring and the desire for power, to whether willpower is the most important strength. |
| 650 ## - SUBJECT ADDED ENTRY--TOPICAL TERM | |
| Topical term or geographic name as entry element | Green Lantern (Fictitious character) |
| 650 ## - SUBJECT ADDED ENTRY--TOPICAL TERM | |
| Topical term or geographic name as entry element | Comic books, strips, etc |
| General subdivision | Moral and ethical aspects |
| 650 ## - SUBJECT ADDED ENTRY--TOPICAL TERM | |
| Topical term or geographic name as entry element | Philosophy in literature |
| 700 ## - ADDED ENTRY--PERSONAL NAME | |
| Personal name | White, Mark D. |
| 942 ## - ADDED ENTRY ELEMENTS (KOHA) | |
| Koha item type | Books |
| Source of classification or shelving scheme | Library of Congress Classification |
| Call number prefix | Foreign |
| Withdrawn status | Lost status | Source of classification or shelving scheme | Damaged status | Home library | Current library | Shelving location | Date acquired | Source of acquisition | Cost, normal purchase price | Total Checkouts | Full call number | Barcode | Date last seen | Copy number | Price effective from | Koha item type |
|---|---|---|---|---|---|---|---|---|---|---|---|---|---|---|---|---|
| Library of Congress Classification | Archives | Archives | 10/13/2012 | Donation | 1149.00 | PN 6728.G74 .G739 2011 | C16379 | 10/30/2014 | 1 | 10/10/2013 | Books |